| 000 | 00516nam a22001697a 4500 | ||
|---|---|---|---|
| 008 | 230405b |||||||| |||| 00| 0 eng d | ||
| 020 | _a81-7169-024-6 | ||
| 040 |
_aNational Science Library _cNational Science Library |
||
| 080 |
_a330.341.42:338.26 _bM9 |
||
| 100 |
_aRawat, D S _96413 |
||
| 245 | _aDistrict planning for industrial development | ||
| 260 |
_aNew Delhi: _bCommonwealth Publishers, _c1989 |
||
| 300 | _axv, 299p. | ||
| 650 | _aHistory | ||
| 653 | _aIndustrial Development | ||
| 942 |
_2udc _cBK |
||
| 999 |
_c18966 _d18966 |
||